000 00474nam a22001697a 4500
005 20240305152110.0
008 240305b |||||||| |||| 00| 0 eng d
020 _a9780072121049
082 _a005.133
_bBRO-P
100 _aBrown, Martin C.
245 _aPython annotated archives /
_cMartin C.Brown
260 _aindia:
_bMcGraw-Hill;
_c2000.
300 _axxii,722 p. :
_bill,
_c23 cm.
500 _aInclude index.
650 _acomputer science/programming
999 _c35229
_d35229